Konverzačná príručka nemčiny

Guardado en:
Detalles Bibliográficos
Autores principales: Jungwirth, Karel (Autor), Zapletal, Štěpán (Autor)
Formato: Libro
Lenguaje:eslovaco
alemán
Publicado: Bratislava : Slovenské pedagogické nakladateľstvo, 1967
Edición:2. vyd.
Etiquetas: Agregar Etiqueta
Sin Etiquetas, Sea el primero en etiquetar este registro!

MARC

LEADER 00000nam a22000003a 4500
001 stu50988
005 20150617225709.7
008 991123s1967----cs------------------slo-d
040 |a STU  |b slo 
041 0 |a slo  |a ger 
044 |a cs 
080 |a 801.318=30=854 
100 1 |a Jungwirth, Karel  |4 aut 
245 1 |a Konverzačná príručka nemčiny 
250 |a 2. vyd. 
260 |a Bratislava :  |b Slovenské pedagogické nakladateľstvo,  |c 1967 
300 |a 366 s 
500 |a z češtiny do slovenčiny preložila a upravila Júlia Vilikovská 
700 1 |a Zapletal, Štěpán  |4 aut 
996 |b 284EK01442  |c E*19332  |l EE01  |s A  |a 24  |w stu50988_0002 
996 |b 284J030359  |c J*4393  |l JJSK  |s A  |a 24  |w stu50988_0003